Vztah manažerského a finančního účetnictví. 1

Vzťah medzi finančným a nákladovým (vnútropodnikovým) účtovníctvom. Základný význam finančného a nákladového účtovníctva. Funkcie nákladového účtovníctva a ich vzťah k finančnému. Obsahové odlišnosti.

Salvato in:
Dettagli Bibliografici
Autore principale: Schroll, R.
Natura: Capitolo di libro
Lingua:ceco
Soggetti:
Tags: Aggiungi Tag
Nessun Tag, puoi essere il primo ad aggiungerne!!

MARC

LEADER 00000naa a2200000 4500
001 r015732
005 20221205091500.3
041 0 |a cze 
044 |a CZ 
245 1 0 |a Vztah manažerského a finančního účetnictví. 1  |c R. Schroll 
520 |a Vzťah medzi finančným a nákladovým (vnútropodnikovým) účtovníctvom. Základný význam finančného a nákladového účtovníctva. Funkcie nákladového účtovníctva a ich vzťah k finančnému. Obsahové odlišnosti. 
610 2 0 |a účtovníctvo finančné 
610 2 0 |a manažment 
610 2 0 |a účtovníctvo vnútropodnikové 
610 2 0 |a náklady 
610 2 0 |a účtovanie nákladov 
100 1 |a Schroll, R.